000 00313nam a2200133Ia 4500
005 20260328104316.0
008 260328s9999||||xx |||||||||||||| ||und||
100 _aOndaatje, Kim
245 0 _aSmall Churches of Canada /
_cKim Ondaatje
260 _bLester
300 _a195 p.
650 _aCANADÁ
942 _cBK
999 _c11149
_d11149